000
00261nam a22001097a 4500
008
170123b xxu||||| |||| 00| 0 eng d
020
_a
9780721658971
041
_a
eng
080
_a
618.2
245
_a
CRITICAL THINKING IN NURSING
_c
LEFEVRE, R.A
942
_2
udc
_c
BK
999
_c
3402
_d
3402